000 00659nam a2200205Ii 4500
003 JO-AjNU
008 230605s9999||||xx |||||||||||||| ||und||
017 _a2019/8/4457
040 _aJO-AjNU
_bara
_erda
_cJO-AjNU
041 _aara
050 1 4 _aPJ7852.A7684 2019
100 3 _aناصر، أمجد,
_eauthor
_962635
245 0 0 _aحياة متوسطة وعندما تكون في بلاد ماركيز
264 3 1 _aعمان: وزارة الثقافة، 2019
300 _a124ص
336 _atext
_btxt
_2rdacontent
337 _aunmediated
_bn
_2rdamedia
338 _avolume
_bnc
_2rdacarrier
650 4 _aالادب العربي-القرن20
_962636
999 _aA28372
_c31940
_d31940